| 000 | 00786nam a2200253Ia 4500 | ||
|---|---|---|---|
| 003 | OSt | ||
| 005 | 20220923211335.0 | ||
| 006 | a|||||r|||| 00| 0 | ||
| 007 | ta | ||
| 008 | Pun | ||
| 020 |
_a9788182992221 (hbk) _c500 |
||
| 024 | _a320,226 | ||
| 037 |
_b775, 27/02/2017, H.K. Prakashan _cTextual |
||
| 040 |
_aARTS _cARTS _bPun |
||
| 041 |
_2Pun _aPun |
||
| 082 | _aO153,3NBVw, P1;Q6 | ||
| 245 | 0 | _aਵਣਜਾਰਾ ਬੇਦੀ ਦੀ ਆਤਮ ਕਥਾ | |
| 260 |
_aਦਿੱਲੀ _b ਆਰਸੀ ਪਬਲਿFਰਗ਼ _c2016 |
||
| 300 |
_a520ਪ੍ਰ0 _ccm. |
||
| 650 | _a ਪੰਜਾਬੀ ਕਹਾਣੀ | ||
| 650 | _aਸ਼ਚਅਹ਼ਲਜ | ||
| 942 |
_hO153,3NBVw, P1;Q6 _cTEXL _2CC |
||
| 999 |
_c298607 _d298607 |
||